| 000 | 00617nam a22001937a 4500 | ||
|---|---|---|---|
| 999 |
_c191679 _d191679 |
||
| 005 | 20220831143755.0 | ||
| 010 | _aENG-134812 | ||
| 020 |
_c499.00 _a978-93-5195-251-0 |
||
| 035 | _aEN-118344 | ||
| 037 | _bDBAD/PUB | ||
| 082 | _a658.400954 | ||
| 100 | _aR. Gopalakrishnan | ||
| 245 |
_aThe made in India manager/ _cR. Gopalakrishnan and Ranjan Banerjee |
||
| 250 | _a | ||
| 260 |
_aGurugram _bHachette Book Publishing India Pvt.Ltd. |
||
| 270 |
_bGurugram _a4th & 5th Floor, Corporate Centre, Plot No.94, Sec.-44 _e122003 |
||
| 300 |
_a196p. _c21cm(hbk) |
||
| 942 |
_2ddc _cEN _h658.400954 _mGOP |
||